LEADER 01405nam2 2200301 450 001 000033495 005 20121025110228.0 100 $a20121011d1993----km-y0itaa50------ba 101 0 $aita$afre 102 $aIT 200 1 $aAtti XXIII Convegno Internazionale della ceramica$eAlbisola, 25-27 maggio, 1990$ela protomaiolica e la maiolica arcaica dalle origini al Trecento$fCentro Ligure per la Storia della ceramica 210 $aAlbisola$cCentro Ligure per la Storia della ceramica$d1993 215 $a297 p., tav.$cill.$d24 cm. 461 1$1001000032908$12001$aAtti. Convegno Internazionale della ceramica 606 $aCeramiche$xStoria 676 $a666.4$v(22. ed.)$9Tecnologia ceramica e tecnologie affini. Materiali, processi, attrezzature della ceramica 710 12$aConvegno Internazionale della ceramica,$d23.$f<1990$e; Albisola>$0183659 712 02$aCentro Ligure per la Storia della ceramica 801 0$aIT$bUniversità della Basilicata - B.I.A.$gREICAT$2unimarc 912 $a000033495 996 $aAtti XXIII Convegno Internazionale della ceramica$996860 997 $aUNIBAS BAS $aLETTERE CAT $aSTD082$b01$c20121011$lBAS01$h1043 CAT $aMDL$b30$c20121025$lBAS01$h0956 CAT $aMDL$b00$c20121025$lBAS01$h1102 FMT Z30 -1$lBAS01$LBAS01$mBOOK$1BASA4$APolo di Matera$2DID$BDidattica$3MSR/L111347$6111347$5L111347$820121011$f04$FPrestabile Didattica